00441 2200181 4500001002100000008004100021035002000062245002100082100001500103260003700118300002000155020002200175084001400197082000800211650001000219990001500229990001500244INLIS000000000003185 ind  a0010-1225000006 aPergicTere Liye aLiye, Tere aDepok :bPT Sabak Grip Nusantara a442c13,5x20 cm a978-623-95545-1-4 a813 LIY p a813 aFiksi a19602/B/26 a19603/B/26